00731nam a22002297a 450000500170000001000130001702000220003003500130005203700160006504000120008108200130009324501260010626000420023227000610027430000200033549000220035550000410037765000420041865000060046070000160046670000190048220170124110213.0 aB-130191 c450.00a817487285 aB-130191 bCen Lib/Ret aDPLbEN a954bENC aAn encyclopedic dictionary of modern indian history :cedited by A.N. Kapoor, V.P. Gupta [and] Mohini Gupta b1757-1947 / aNew Delhi bRadha Publications c2003 bNew Delhi a4378/4B, , ansari road, dariya ganj e110002 a272p.c19cm(Hb) aIncredible india  aIncludes bibliographical references  aModern indian history vDictionaries  z  aGupta, V.P. aGupta, Mohinin